| 000 | 02061nam a2200505 i 4500 | ||
|---|---|---|---|
| 001 | DIGCEPC0004 | ||
| 003 | NyNyDIG | ||
| 008 | 200601s2015 sp ob 000 0 spa d | ||
| 006 | m o d | ||
| 007 | cr ||||||||||| | ||
| 035 | _a(OCoLC)1160079016 | ||
| 040 |
_aDGITA _beng _erda _epn _cDGITA |
||
| 020 |
_a9788425916281 _qeBook |
||
| 020 |
_a8425916283 _qeBook |
||
| 020 | _z9788425913143 | ||
| 020 | _z8425913144 | ||
| 024 | 7 |
_a005-05-005-7 _2nipo |
|
| 050 | 1 | 4 | _aJC311 ebook |
| 082 | 1 | 4 | _a320.54 |
| 100 | 1 |
_aAlvarez Junco, José, _d1942- _eauthor. |
|
| 245 | 1 | 3 |
_aEl nombre de la cosa : _bdebate sobre el término nación y otros conceptos relacionados / _cJosé Álvarez Junco, Justo Beramendi, Ferran Requejo. |
| 264 | 1 |
_aMadrid : _bCentro de Estudios Políticos y Constitucionales, _c2015. |
|
| 300 | _a1 online resource. | ||
| 336 |
_atext _btxt _2rdacontent |
||
| 337 |
_acomputer _bc _2rdamedia |
||
| 338 |
_aonline resource _bcr _2rdacarrier |
||
| 347 |
_atext file _2rdaft |
||
| 347 | _bPDF | ||
| 490 | 1 |
_aForo ; _v5. _aLa estructura territorial del estado |
|
| 504 | _aIncludes bibliographical references. | ||
| 588 | 0 | _aOnline resource; title from PDF title page (Digitalia, viewed June 15, 2020) | |
| 650 | 0 | _aNation-state. | |
| 650 | 0 | _aNationalism. | |
| 655 | 0 | _aElectronic books. | |
| 700 | 1 |
_aBeramendi, Justo G., _eauthor. |
|
| 700 | 1 |
_aRequejo Coll, Ferran, _eauthor. |
|
| 791 | 2 |
_aDigitalia (Firm), _edistributor. |
|
| 793 | 0 |
_gDigitalia eBook Collection: _aCentro de Estudios Políticos y Constitucionales |
|
| 776 | 0 | 8 |
_iPrint version: _aAlvarez Junco, José, 1942- _tNombre de la cosa. _dMadrid : Centro de Estudios Políticos y Constitucionales, 2005 _z9788425913143 _w(OCoLC)69694650 |
| 830 | 0 |
_aForo (Centro de Estudios Políticos y Constitucionales) ; _v5. |
|
| 830 | 0 |
_aForo (Centro de Estudios Políticos y Constitucionales). _pEstructura territorial del estado. |
|
| 856 | 4 | 0 |
_3Digitalia Hispánica _uhttps://www.digitaliapublishing.com/a/58598/ |
| 910 | _aPremium collection: 2020 | ||
| 942 | _cRAA | ||
| 999 |
_c255762 _d255762 |
||